Các chợ miền núi huyện Sơn Hoà tỉnh Phú Yên

Khái quát về việc mua bán và các chợ ở huyện Sơn Hoà tỉnh Phú Yên, ca dao về chợ và việc buôn bán hàng ngày diễn ra tại chợ

Gardado en:
Detalles Bibliográficos
Autor Principal: Trần Sĩ Huệ
Formato: Libro
Idioma:Vietnamese
Publicado: H. Hội văn nghệ dân gian Việt Nam 2016
Những chủ đề:
Các nhãn: Engadir etiqueta
Sen Etiquetas, Sexa o primeiro en etiquetar este rexistro!
Thư viện lưu trữ: Mạng thư viện Đại học Đà Nẵng
LEADER 01454nam a2200373 4500
001 000024769
003 21258
005 20170223090259.0
008 170213s2016 viesd
041 0 |a vie 
082 1 4 |a 398.80959755  |b TR-H 
100 1 |a Trần Sĩ Huệ 
245 1 4 |a Các chợ miền núi huyện Sơn Hoà tỉnh Phú Yên  |c Trần Sĩ Huệ 
260 |a H.  |b Hội văn nghệ dân gian Việt Nam  |c 2016 
300 |a 199 tr.  |b ảnh, sơ đồ  |c 21 cm. 
500 |a ĐTTS ghi: Hội Văn nghệ dân gian Việt Nam 
504 |a Thư mục: tr. 193-194 
520 3 |a Khái quát về việc mua bán và các chợ ở huyện Sơn Hoà tỉnh Phú Yên, ca dao về chợ và việc buôn bán hàng ngày diễn ra tại chợ 
650 0 4 |a Văn hóa dân gian  |x Chợ  |z Việt Nam (Phú Yên) 
650 0 4 |a Dân ca  |x Chợ  |z Việt Nam (Phú Yên) 
653 |a Chợ 
653 |a Mua bán 
653 |a Phú Yên 
653 |a Phong tục tập quán 
OWN |a LSP 
AVA |a UDN50  |b LSP  |d 398.80959755 TR-H  |e available  |t Error 5001 Not defined in file expand_doc_bib_avail.  |f 1  |g 0  |h N  |i 0  |k 1 
999 |a From the UDN01 
AVA |a UDN50  |b LSP  |d 398.80959755 TR-H  |e available  |t Error 5001 Not defined in file expand_doc_bib_avail.  |f 1  |g 0  |h N  |i 0  |k 1 
TYP |a Monograph 
TYP |a Printed language 
980 |a Mạng thư viện Đại học Đà Nẵng